Tajdīd fikriyat -ie- Islām / (Record no. 331756)

000 -LEADER
fixed length control field 02192cam a2200433 i 4500
001 - CONTROL NUMBER
control field 18255849
003 - CONTROL NUMBER IDENTIFIER
control field NUST
005 - DATE AND TIME OF LATEST TRANSACTION
control field 20171024122330.0
008 - FIXED-LENGTH DATA ELEMENTS--GENERAL INFORMATION
fixed length control field 140806s2011 ua b 000 0 ara
010 ## - LIBRARY OF CONGRESS CONTROL NUMBER
LC control number 2014371875
020 ## - INTERNATIONAL STANDARD BOOK NUMBER
International Standard Book Number 9694160006
040 ## - CATALOGING SOURCE
Original cataloging agency DLC
Language of cataloging eng
Description conventions rda
Transcribing agency DLC
041 1# - LANGUAGE CODE
Language code of text/sound track or separate title ara
Language code of original eng
042 ## - AUTHENTICATION CODE
Authentication code pcc
050 00 - LIBRARY OF CONGRESS CALL NUMBER
Classification number BP161
Item number .I7125 2011
066 ## - CHARACTER SETS PRESENT
Alternate G0 or G1 character set (3
082 ## - DEWEY DECIMAL CLASSIFICATION NUMBER
Classification number 297.04
Author Mark IQB
100 1# - MAIN ENTRY--PERSONAL NAME
Linkage 880-01
Personal name Iqbal, Muhammad,
Titles and words associated with a name Sir,
Dates associated with a name 1877-1938.
9 (RLIN) 20
245 10 - TITLE STATEMENT
Linkage 880-02
Title Tajdīd fikriyat -ie- Islām /
Remainder of title Allama Muhammad Iqbal kay angrizee khutbat ka Urdu tarjuma/
Statement of responsibility, etc. taʼlīf Muḥammad Iqbāl ; tarjamat Wahid Ishrat
264 #1 - PRODUCTION, PUBLICATION, DISTRIBUTION, MANUFACTURE, AND COPYRIGHT NOTICE
Linkage 880-03
Place of production, publication, distribution, manufacture Lahore :
Name of producer, publisher, distributor, manufacturer Iqbal academy,
Date of production, publication, distribution, manufacture, or copyright notice 2007.
300 ## - PHYSICAL DESCRIPTION
Extent 290 pages ;
Dimensions 25 cm.
336 ## - CONTENT TYPE
Content type term text
Content type code txt
Source rdacontent
337 ## - MEDIA TYPE
Media type term unmediated
Media type code n
Source rdamedia
338 ## - CARRIER TYPE
Carrier type term volume
Carrier type code nc
Source rdacarrier
504 ## - BIBLIOGRAPHY, ETC. NOTE
Bibliography, etc. note Includes bibliographical references.
546 ## - LANGUAGE NOTE
Language note In Arabic; translated from English.
650 #0 - SUBJECT ADDED ENTRY--TOPICAL TERM
Topical term or geographic name entry element Islam
Chronological subdivision 20th century.
9 (RLIN) 5585
650 #0 - SUBJECT ADDED ENTRY--TOPICAL TERM
Topical term or geographic name entry element Philosophy and religion.
9 (RLIN) 5586
700 1# - ADDED ENTRY--PERSONAL NAME
Personal name Vahid Ishrat
9 (RLIN) 5587
880 1# - ALTERNATE GRAPHIC REPRESENTATION
Linkage 100-01/(3/r‏
Title ‏إقبال، محمد.
880 10 - ALTERNATE GRAPHIC REPRESENTATION
Linkage 245-02/(3/r‏
Title تجدید فکریات اسلام:
b علامہ محمد اقبال کے انگریزی خطبات کا اردو ترجمہ
c محمد اقبال: ترجمہ وحید عشرت: نظر ثانی عبد الخالق
880 #1 - ALTERNATE GRAPHIC REPRESENTATION
Linkage 260-03/(3/r‏
Title لاہور:
b اقبال اکیڈیمی پاکستان
c ‏‪2007
906 ## - LOCAL DATA ELEMENT F, LDF (RLIN)
a 7
b cbc
c origres
d 3
e ncip
f 20
g y-nonroman
942 ## - ADDED ENTRY ELEMENTS (KOHA)
Source of classification or shelving scheme
Koha item type Book
Holdings
Withdrawn status Lost status Source of classification or shelving scheme Damaged status Not for loan Collection code Permanent Location Current Location Shelving location Date acquired Total Checkouts Total Renewals Full call number Barcode Date last seen Date last checked out Copy number Price effective from Koha item type
            Central Library (CL) Central Library (CL) First Floor - Islam 10/24/2017 3 2 297.04 IQB CL2106 05/30/2025 11/17/2024 1 10/24/2017 Book
© 2023 Central Library, National University of Sciences and Technology. All Rights Reserved.